000 00496cam a22002171 4500
001 sa 63002636
003 DLC
005 20260227111935.0
008 890505s1962 ii 000 1 beno
010 _asa 63002636
035 _a(OCoLC)19660485
040 _aDLC
_cWaU
_dDLC
042 _apremarc
050 0 0 _aPK1718.M5
_bA8
100 1 _aMitra, Premendra.
245 1 0 _aAnya eka nāma.
260 _c[1962]
300 _a102 p.
_c23 cm.
500 _aIn Bengali.
500 _aA novel.
999 _c54574
_d54574